Guess The Brand! #50 - Statistics

General Stats
  • This quiz has been taken 34 times
  • The average score is 10 of 35
Answer Stats
Picture Answer % Correct
Pacman
72%
Old Navy
69%
Wonka
69%
Datsun
59%
O2
56%
Grey's Anatomy
50%
Kmart
47%
Gold's Gym
44%
Danone
38%
Better Call Saul
31%
Movistar
31%
Pepsi Max
31%
Starz
31%
Albertsons
28%
Roxy
25%
Scrubs
25%
Columbia
22%
Finnair
22%
Liquid Moly
22%
Payless
22%
Airstream
19%
Pattex
19%
Arduino
16%
Conrad
16%
Creative Cloud
16%
Android Studio
13%
Apple Swift
13%
Brown Forman
13%
Color Line
13%
Emacs
13%
Foxit Reader
13%
Kettler
13%
Pidgin
13%
Redcoon
13%
Vekoma
13%
No matching quizzes found
Score Distribution
Percent of People with Each Score
Percentile by Number Answered
Your Score History
You have not taken this quiz